Slogans of brands - Statistics

General Stats
  • This quiz has been taken 89 times
  • The average score is 16 of 40
Answer Stats
Hint Answer % Correct
Just do it Nike
93%
Taste the Rainbow Skittles
91%
Im lovin' it McDonalds
87%
Gives you wings Redbull
83%
Finger lickin good KFC
80%
Have a break, have a __ __ Kit Kat
71%
Do the Dew Mountain Dew
71%
Have it your way Burger King
54%
Eat Fresh Subway
54%
Better ingredients, Better Pizza Papa Johns
49%
Eat Mor Chikin Chick Fil a
48%
Therrrrrrre Great Frosted Flakes
48%
Like a good neighbor, ___ ___ is there State Farm
48%
America Runs on ____ Dunkin
46%
We have the meats Arbys
41%
The happiest place on earth Disney
41%
The snack that smiles back Goldfish
41%
The quicker picker upper Bounty
39%
Buy it, sell it, love it Ebay
32%
The best a man can get Gillette
32%
Where's the beef? Wendys
32%
Your in Good Hands Allstate
28%
The best part of waking up Folgers
28%
Life's Good LG
28%
Once you pop, you cant stop Pringles
28%
Think outside the bun Taco Bell
28%
Fly the friendly skies United
28%
Built to last Ford
27%
Let's go places Toyota
27%
What's In you wallet Capital one
26%
Open Happiness Coke
24%
Breakfast of Champions Wheaties
24%
Think Diffrent Apple
23%
Obey your thirst Sprite
23%
it keeps going and going and going Energizer
22%
Betcha cant eat just one Lays
22%
Save money, Live better Walmart
22%
Is it in you? Gatorade
21%
Smells like Grandpa Old Spice
16%
Movement that inspires Kia
12%
No matching quizzes found
Score Distribution
Percent of People with Each Score
Percentile by Number Answered
Your Score History
You have not taken this quiz